Statistics for 1993 College Football AP Poll

Click here to take the quiz!

General Stats

  • This quiz has been taken 13 times
  • The average score is 364 of 426

Answer Stats

WeekRankTeamWLTConference% Correct
Week 7 (10/12)3Notre Dame60Independent
100%
Week 9 (10/26)3Ohio State70Big Ten
100%
Week 3 (9/14)8Nebraska20Big Eight
100%
Week 12 (11/16)11Alabama811SEC
100%
Week 3 (9/14)4Notre Dame20Independent
100%
Week 3 (9/14)2Alabama20SEC
100%
Week 12 (11/16)22USC74Pacific-10
100%
Week 13 (11/23)2Nebraska100Big Eight
100%
Week 13 (11/23)4Notre Dame101Independent
100%
Week 9 (10/26)6Nebraska70Big Eight
100%
Week 9 (10/26)5Alabama601SEC
100%
Week 13 (11/23)12Ohio State911Big Ten
100%
Week 3 (9/14)10Michigan11Big Ten
100%
Week 2 (9/7)16Ohio State10Big Ten
100%
Week 9 (10/26)2Notre Dame80Independent
100%
Week 13 (11/23)17Alabama821SEC
100%
Week 2 (9/7)11Notre Dame10Independent
100%
Week 2 (9/7)9Nebraska10Big Eight
100%
Preseason2Alabama00SEC
100%
Week 14 (11/30)2Nebraska110Big Eight
100%
Week 8 (10/19)13Michigan42Big Ten
100%
Week 2 (9/7)3Michigan10Big Ten
100%
Week 5 (9/28)8Michigan21Big Ten
100%
Week 3 (9/14)11Ohio State20Big Ten
100%
Week 14 (11/30)5Notre Dame101Independent
100%
Week 10 (11/2)3Ohio State80Big Ten
100%
Week 10 (11/2)6Nebraska80Big Eight
100%
Week 10 (11/2)5Alabama701SEC
100%
Week 11 (11/9)2Notre Dame90Independent
100%
Week 11 (11/9)4Nebraska90Big Eight
100%
Week 4 (9/21)8Michigan11Big Ten
100%
Week 4 (9/21)7Ohio State30Big Ten
100%
Week 4 (9/21)6Nebraska30Big Eight
100%
Week 11 (11/9)5Ohio State801Big Ten
100%
Week 4 (9/21)4Notre Dame30Independent
100%
Week 4 (9/21)2Alabama30SEC
100%
Week 5 (9/28)7Ohio State30Big Ten
100%
Week 10 (11/2)2Notre Dame90Independent
100%
Week 9 (10/26)24Michigan43Big Ten
100%
Week 11 (11/9)12Alabama711SEC
100%
Week 5 (9/28)2Alabama40SEC
100%
Week 5 (9/28)4Notre Dame40Independent
100%
Week 12 (11/16)1Notre Dame100Independent
100%
Week 12 (11/16)3Nebraska100Big Eight
100%
Week 12 (11/16)5Ohio State901Big Ten
100%
Week 5 (9/28)6Nebraska40Big Eight
100%
Week 7 (10/12)2Alabama50SEC
100%
Week 2 (9/7)2Alabama10SEC
100%
Week 13 (11/23)23Michigan74Big Ten
100%
Week 1 (8/31)3Michigan00Big Ten
100%
Week 8 (10/19)3Ohio State60Big Ten
100%
Week 1 (8/31)9Nebraska00Big Eight
100%
Preseason18USC00Pacific-10
100%
Week 8 (10/19)4Alabama501SEC
100%
Week 7 (10/12)6Nebraska50Big Eight
100%
Week 1 (8/31)7Notre Dame00Independent
100%
Postseason11Ohio State1011Big Ten
100%
Week 8 (10/19)2Notre Dame70Independent
100%
Week 15 (12/7)4Notre Dame101Independent
100%
Week 15 (12/7)11Ohio State911Big Ten
100%
Week 1 (8/31)2Alabama00SEC
100%
Week 15 (12/7)18Alabama831SEC
100%
Postseason3Nebraska111Big Eight
100%
Preseason17Ohio State00Big Ten
100%
Week 15 (12/7)23Michigan74Big Ten
100%
Week 7 (10/12)18Michigan32Big Ten
100%
Week 6 (10/5)9Michigan31Big Ten
100%
Postseason14Alabama931SEC
100%
Week 15 (12/7)2Nebraska110Big Eight
100%
Week 1 (8/31)18Ohio State00Big Ten
100%
Week 6 (10/5)2Alabama50SEC
100%
Week 14 (11/30)11Ohio State911Big Ten
100%
Week 6 (10/5)4Notre Dame50Independent
100%
Week 14 (11/30)16Alabama821SEC
100%
Preseason3Michigan00Big Ten
100%
Postseason21Michigan84Big Ten
100%
Week 8 (10/19)5Nebraska60Big Eight
100%
Postseason2Notre Dame111Independent
100%
Week 7 (10/12)5Ohio State50Big Ten
100%
Week 6 (10/5)6Ohio State40Big Ten
100%
Preseason7Notre Dame00Independent
100%
Preseason8Nebraska00Big Eight
100%
Week 14 (11/30)23Michigan74Big Ten
100%
Week 6 (10/5)7Nebraska40Big Eight
100%
Week 7 (10/12)7Penn State50Big Ten
92%
Week 7 (10/12)9Oklahoma50Big Eight
92%
Week 7 (10/12)4Florida50SEC
92%
Week 10 (11/2)1Florida State80ACC
92%
Week 7 (10/12)13Texas A&M41Southwest
92%
Week 9 (10/26)23Indiana61Big Ten
92%
Week 10 (11/2)7Tennessee611SEC
92%
Week 9 (10/26)22Michigan State42Big Ten
92%
Week 7 (10/12)10Tennessee51SEC
92%
Week 8 (10/19)11Texas A&M51Southwest
92%
Week 9 (10/26)15UCLA52Pacific-10
92%
Week 9 (10/26)8Tennessee511SEC
92%
Week 8 (10/19)9Florida51SEC
92%
Week 8 (10/19)17Oklahoma51Big Eight
92%
Week 10 (11/2)9Florida61SEC
92%
Week 8 (10/19)19UCLA42Pacific-10
92%
Week 8 (10/19)8Tennessee511SEC
92%
Week 8 (10/19)24Michigan State32Big Ten
92%
Week 9 (10/26)1Florida State70ACC
92%
Week 9 (10/26)9Auburn70SEC
92%
Week 7 (10/12)19Auburn60SEC
92%
Week 9 (10/26)10Florida51SEC
92%
Week 9 (10/26)11Texas A&M61Southwest
92%
Week 9 (10/26)12Penn State51Big Ten
92%
Week 9 (10/26)14Oklahoma61Big Eight
92%
Week 8 (10/19)10Auburn70SEC
92%
Week 8 (10/19)1Florida State70ACC
92%
Week 7 (10/12)25Michigan State31Big Ten
92%
Week 7 (10/12)22UCLA32Pacific-10
92%
Week 10 (11/2)8Auburn80SEC
92%
Preseason1Florida State00ACC
92%
Week 10 (11/2)10Texas A&M71Southwest
92%
Week 15 (12/7)7Texas A&M101Southwest
92%
Week 14 (11/30)4Auburn110SEC
92%
Week 14 (11/30)6Tennessee911SEC
92%
Week 14 (11/30)7Texas A&M101Southwest
92%
Week 14 (11/30)9Florida92SEC
92%
Week 14 (11/30)13Penn State92Big Ten
92%
Week 14 (11/30)14UCLA83Pacific-10
92%
Week 14 (11/30)19Oklahoma83Big Eight
92%
Week 14 (11/30)21Indiana83Big Ten
92%
Week 14 (11/30)25Michigan State64Big Ten
92%
Week 15 (12/7)1Florida State111ACC
92%
Week 15 (12/7)5Auburn110SEC
92%
Week 15 (12/7)6Tennessee911SEC
92%
Week 15 (12/7)8Florida102SEC
92%
Week 13 (11/23)25Michigan State63Big Ten
92%
Week 15 (12/7)13Penn State92Big Ten
92%
Week 15 (12/7)14UCLA83Pacific-10
92%
Week 15 (12/7)19Oklahoma83Big Eight
92%
Week 15 (12/7)21Indiana83Big Ten
92%
Postseason1Florida State121ACC
92%
Postseason4Auburn110SEC
92%
Postseason5Florida112SEC
92%
Postseason8Penn State102Big Ten
92%
Postseason9Texas A&M102Southwest
92%
Postseason12Tennessee921SEC
92%
Postseason17Oklahoma93Big Eight
92%
Postseason18UCLA84Pacific-10
92%
Week 14 (11/30)1Florida State111SEC
92%
Week 13 (11/23)21Indiana83Big Ten
92%
Week 10 (11/2)12UCLA62Pacific-10
92%
Week 12 (11/16)2Florida State91ACC
92%
Week 10 (11/2)17Indiana71Big Ten
92%
Week 10 (11/2)19Penn State52Big Ten
92%
Week 10 (11/2)20Oklahoma62Big Eight
92%
Week 11 (11/9)1Florida State90ACC
92%
Week 11 (11/9)6Tennessee711SEC
92%
Week 11 (11/9)7Auburn90SEC
92%
Week 11 (11/9)8Florida71SEC
92%
Week 11 (11/9)10UCLA72Pacific-10
92%
Week 11 (11/9)11Texas A&M71Southwest
92%
Week 11 (11/9)16Penn State62Big Ten
92%
Week 11 (11/9)17Oklahoma72Big Eight
92%
Week 11 (11/9)19Indiana72Big Ten
92%
Week 12 (11/16)6Auburn100SEC
92%
Week 13 (11/23)16Oklahoma82Big Eight
92%
Week 12 (11/16)8Florida81SEC
92%
Week 12 (11/16)10Texas A&M81Southwest
92%
Week 12 (11/16)14Penn State72Big Ten
92%
Week 12 (11/16)15Oklahoma82Big Eight
92%
Week 12 (11/16)16UCLA73Pacific-10
92%
Week 12 (11/16)21Indiana73Big Ten
92%
Week 13 (11/23)1Florida State101ACC
92%
Week 13 (11/23)3Auburn110SEC
92%
Week 13 (11/23)6Tennessee811SEC
92%
Week 13 (11/23)7Florida91SEC
92%
Week 13 (11/23)8Texas A&M91Southwest
92%
Week 13 (11/23)14Penn State82Big Ten
92%
Week 13 (11/23)15UCLA83Pacific-10
92%
Week 12 (11/16)7Tennessee711SEC
92%
Week 8 (10/19)14Penn State51Big Ten
92%
Week 7 (10/12)1Florida State60ACC
92%
Week 5 (9/28)9Penn State40Big Ten
92%
Week 5 (9/28)23Auburn40SEC
92%
Preseason13Georgia00SEC
92%
Week 3 (9/14)5Tennessee20SEC
92%
Preseason16Penn State00Big Ten
92%
Week 3 (9/14)9Florida20SEC
92%
Week 3 (9/14)12Oklahoma20Big Eight
92%
Preseason22Oklahoma00Big Eight
92%
Week 3 (9/14)14Penn State20Big Ten
92%
Week 5 (9/28)14Texas A&M21Southwest
92%
Week 3 (9/14)16Texas A&M11Southwest
92%
Week 6 (10/5)25UCLA22Pacific-10
92%
Week 5 (9/28)11Tennessee31SEC
92%
Week 5 (9/28)10Oklahoma30Big Eight
92%
Week 5 (9/28)5Florida30SEC
92%
Week 6 (10/5)1Florida State50ACC
92%
Week 1 (8/31)17Penn State00Big Ten
92%
Week 5 (9/28)1Florida State40ACC
92%
Week 4 (9/21)25Auburn30SEC
92%
Week 1 (8/31)1Florida State10ACC
92%
Week 4 (9/21)1Florida State40ACC
92%
Week 4 (9/21)5Florida30SEC
92%
Week 2 (9/7)8Tennessee10SEC
92%
Week 1 (8/31)5Texas A&M00Southwest
92%
Week 4 (9/21)9Penn State30Big Ten
92%
Week 4 (9/21)10Oklahoma20Big Eight
92%
Week 4 (9/21)14Texas A&M21Southwest
92%
Week 4 (9/21)11Tennessee21SEC
92%
Week 1 (8/31)14Georgia00SEC
92%
Week 1 (8/31)8Florida00SEC
92%
Week 3 (9/14)1Florida State30ACC
92%
Week 1 (8/31)21Oklahoma00Big Eight
92%
Week 1 (8/31)10Tennessee00SEC
92%
Week 2 (9/7)17Oklahoma10Big Eight
92%
Week 2 (9/7)22Georgia01SEC
92%
Preseason10Tennessee00SEC
92%
Week 2 (9/7)1Florida State20ACC
92%
Week 6 (10/5)11Tennessee41SEC
92%
Preseason9Florida00SEC
92%
Week 2 (9/7)15Penn State10Big Ten
92%
Week 6 (10/5)10Oklahoma40Big Eight
92%
Week 6 (10/5)14Texas A&M31Southwest
92%
Week 6 (10/5)8Penn State50Big Ten
92%
Preseason4Texas A&M00Southwest
92%
Week 2 (9/7)5Texas A&M10Southwest
92%
Week 6 (10/5)5Florida40SEC
92%
Week 2 (9/7)7Florida10SEC
92%
Week 6 (10/5)22Auburn50SEC
92%
Week 11 (11/9)14Wisconsin711Big Ten
83%
Week 11 (11/9)13Arizona81Pacific-10
83%
Week 1 (8/31)16North Carolina10ACC
83%
Week 13 (11/23)11Boston College82Big East
83%
Week 11 (11/9)15North Carolina82ACC
83%
Week 14 (11/30)24Clemson83ACC
83%
Week 3 (9/14)22Boston College01Big East
83%
Week 3 (9/14)23Arizona State10Pacific-10
83%
Week 3 (9/14)24Wisconsin20Big Ten
83%
Week 14 (11/30)20Kansas State821Big Eight
83%
Week 13 (11/23)13North Carolina92ACC
83%
Week 4 (9/21)3Miami20Big East
83%
Week 2 (9/7)14North Carolina20ACC
83%
Week 2 (9/7)13Arizona10Pacific-10
83%
Week 11 (11/9)3Miami71Big East
83%
Week 2 (9/7)12Washington10Pacific-10
83%
Week 13 (11/23)19Arizona82Pacific-10
83%
Week 13 (11/23)20Kansas State821Big Eight
83%
Week 13 (11/23)10Wisconsin811Big Ten
83%
Week 2 (9/7)25Boston College01Big East
83%
Week 13 (11/23)9Miami82Big East
83%
Week 1 (8/31)13Arizona00Pacific-10
83%
Week 12 (11/16)20Kansas State721Big Eight
83%
Week 12 (11/16)19Arizona82Pacific-10
83%
Week 14 (11/30)10Wisconsin811Big Ten
83%
Week 1 (8/31)22Clemson00ACC
83%
Week 12 (11/16)24Clemson73ACC
83%
Week 12 (11/16)17Boston College72Big East
83%
Week 3 (9/14)3Miami10Big East
83%
Week 14 (11/30)12North Carolina102ACC
83%
Week 12 (11/16)13North Carolina92ACC
83%
Week 12 (11/16)12Wisconsin711Big Ten
83%
Week 1 (8/31)20Boston College00Big East
83%
Week 14 (11/30)17Arizona92Pacific-10
83%
Week 1 (8/31)23Mississippi State00SEC
83%
Week 14 (11/30)8Miami92Big East
83%
Week 3 (9/14)13North Carolina30ACC
83%
Week 3 (9/14)15Arizona20Pacific-10
83%
Week 12 (11/16)4Miami81Big East
83%
Week 2 (9/7)21Clemson10ACC
83%
Week 3 (9/14)18Washington11Pacific-10
83%
Week 2 (9/7)4Miami10Independent
83%
Week 11 (11/9)24Kansas State621Big Eight
83%
Week 14 (11/30)15Boston College83Big East
83%
Week 11 (11/9)22Boston College62Big East
83%
Week 11 (11/9)25Washington63Pacific-10
83%
Week 4 (9/21)15Arizona30Pacific-10
83%
Week 1 (8/31)12Washington00Pacific-10
83%
Week 8 (10/19)6Miami41Big East
83%
Preseason21Boston College00Big East
83%
Week 15 (12/7)24Clemson83ACC
83%
Preseason20North Carolina00ACC
83%
Week 8 (10/19)22Washington42Pacific-10
83%
Preseason14Arizona00Pacific-10
83%
Postseason6Wisconsin1011Big Ten
83%
Week 5 (9/28)22Wisconsin40Big Ten
83%
Week 8 (10/19)15Wisconsin60Big Ten
83%
Preseason12Washington00Pacific-10
83%
Week 8 (10/19)12North Carolina71ACC
83%
Postseason10Arizona102Pacific-10
83%
Week 6 (10/5)3Miami40Big East
83%
Week 8 (10/19)7Arizona60Pacific-10
83%
Week 6 (10/5)12Arizona50Pacific-10
83%
Week 5 (9/28)16North Carolina41ACC
83%
Week 6 (10/5)13Washington31Pacific-10
83%
Week 6 (10/5)15North Carolina51ACC
83%
Postseason13Boston College93Big East
83%
Postseason15Miami93Big East
83%
Week 7 (10/12)16Wisconsin50Big Ten
83%
Preseason5Miami00Big East
83%
Week 7 (10/12)14North Carolina61ACC
83%
Postseason19North Carolina103ACC
83%
Week 7 (10/12)12Washington41Pacific-10
83%
Week 7 (10/12)11Arizona50Pacific-10
83%
Postseason20Kansas State921Big Eight
83%
Week 7 (10/12)8Miami41Big East
83%
Week 6 (10/5)21Wisconsin40Big Ten
83%
Postseason23Clemson93ACC
83%
Week 9 (10/26)4Miami51Big East
83%
Week 8 (10/19)25Washington State52Pacific-10
83%
Week 5 (9/28)15Washington21Pacific-10
83%
Week 15 (12/7)15Boston College83Big East
83%
Week 10 (11/2)18Kansas State611Big Eight
83%
Week 10 (11/2)16North Carolina72ACC
83%
Week 10 (11/2)15Wisconsin71Big Ten
83%
Week 10 (11/2)14Arizona71Pacific-10
83%
Week 15 (12/7)9Wisconsin911Big Ten
83%
Week 4 (9/21)16Washington11Pacific-10
83%
Week 15 (12/7)10Miami92Big East
83%
Week 4 (9/21)18North Carolina31ACC
83%
Week 1 (8/31)3Miami00Big East
83%
Week 15 (12/7)12North Carolina102ACC
83%
Week 10 (11/2)4Miami61Big East
83%
Week 9 (10/26)7Arizona70Pacific-10
83%
Week 4 (9/21)23Wisconsin30Big Ten
83%
Week 13 (11/23)24Clemson83ACC
83%
Week 9 (10/26)25Kansas State511Big Eight
83%
Preseason24Mississippi State00SEC
83%
Week 5 (9/28)3Miami30Big East
83%
Week 9 (10/26)21Wisconsin61Big Ten
83%
Week 15 (12/7)16Arizona92Pacific-10
83%
Week 9 (10/26)19Washington52Pacific-10
83%
Week 9 (10/26)18North Carolina72ACC
83%
Week 15 (12/7)20Kansas State821Big Eight
83%
Week 5 (9/28)12Arizona40Pacific-10
83%
Preseason23Clemson00ACC
83%
Week 1 (8/31)6Syracuse00Big East
75%
Postseason22Virginia Tech93Big East
75%
Week 15 (12/7)22Virginia Tech83Big East
75%
Week 1 (8/31)11Colorado00Big Eight
75%
Preseason6Syracuse00Big East
75%
Preseason15Stanford00Pacific-10
75%
Week 15 (12/7)17Colorado731Big Eight
75%
Week 1 (8/31)15Stanford00Big Eight
75%
Week 14 (11/30)22Virginia Tech83Big East
75%
Week 2 (9/7)6Syracuse10Big East
75%
Postseason16Colorado831Big Eight
75%
Preseason11Colorado00Big Eight
75%
Week 1 (8/31)24NC State00ACC
75%
Week 14 (11/30)18Colorado731Big Eight
75%
Preseason25NC State00ACC
75%
Week 3 (9/14)17NC State20ACC
75%
Week 13 (11/23)22Virginia Tech83Big East
75%
Week 5 (9/28)19Colorado22Big Eight
75%
Week 10 (11/2)21Virginia62ACC
75%
Week 4 (9/21)12Syracuse201Big East
75%
Week 4 (9/21)13Colorado21Big Eight
75%
Week 4 (9/21)17Stanford21Pacific-10
75%
Week 4 (9/21)19NC State20ACC
75%
Week 2 (9/7)10Colorado10Big Eight
75%
Week 4 (9/21)22Virginia30ACC
75%
Week 9 (10/26)20Colorado421Big Eight
75%
Week 9 (10/26)16Virginia61ACC
75%
Week 5 (9/28)13Syracuse301Big East
75%
Week 5 (9/28)17California40Pacific-10
75%
Week 8 (10/19)23Syracuse411Big East
75%
Week 10 (11/2)23Colorado431Big Eight
75%
Week 8 (10/19)21Virginia51ACC
75%
Week 5 (9/28)21Virginia40ACC
75%
Week 8 (10/19)16Colorado42Big Eight
75%
Week 5 (9/28)24NC State21ACC
75%
Week 7 (10/12)24Syracuse311Big East
75%
Week 7 (10/12)21California51Pacific-10
75%
Week 7 (10/12)20Colorado32Big Eight
75%
Week 6 (10/5)16California50Pacific-10
75%
Week 7 (10/12)15Virginia50ACC
75%
Week 6 (10/5)18Virginia50ACC
75%
Week 6 (10/5)20Colorado22Big Eight
75%
Week 6 (10/5)23Syracuse311Big East
75%
Week 10 (11/2)22NC State62ACC
75%
Week 4 (9/21)20California30Pacific-10
75%
Postseason25California94Pacific-10
75%
Week 11 (11/9)21Colorado531Big Eight
75%
Week 13 (11/23)18Colorado731Big Eight
75%
Week 2 (9/7)18NC State10ACC
75%
Week 2 (9/7)23Stanford01Pacific-10
75%
Week 12 (11/16)25Virginia Tech73Big East
75%
Week 12 (11/16)23Virginia73ACC
75%
Week 12 (11/16)18Colorado631Big Eight
75%
Week 3 (9/14)7Colorado20Big Eight
75%
Week 3 (9/14)6Syracuse20Big East
75%
Week 3 (9/14)21California20Pacific-10
75%
Week 10 (11/2)25Virginia Tech62Big East
75%
Week 11 (11/9)18Virginia72ACC
75%
Week 3 (9/14)25Virginia20ACC
75%
Week 3 (9/14)20Stanford11Pacific-10
75%
Week 3 (9/14)19BYU20WAC
67%
Week 4 (9/21)21BYU30WAC
67%
Preseason19BYU00WAC
67%
Week 5 (9/28)20BYU40WAC
67%
Week 2 (9/7)20BYU10WAC
67%
Week 1 (8/31)19BYU00WAC
67%
Week 6 (10/5)19BYU40WAC
67%
Week 7 (10/12)17West Virginia50Big East
58%
Week 14 (11/30)3West Virginia110Big East
58%
Week 13 (11/23)5West Virginia100Big East
58%
Week 11 (11/9)9West Virginia80Big East
58%
Week 5 (9/28)25West Virginia30Big East
58%
Week 2 (9/7)24Baylor10Southwest
58%
Week 6 (10/5)24West Virginia40Big East
58%
Postseason7West Virginia111Big East
58%
Week 8 (10/19)18West Virginia50Big East
58%
Week 12 (11/16)9West Virginia90Big East
58%
Week 10 (11/2)11West Virginia70Big East
58%
Week 15 (12/7)3West Virginia110Big East
58%
Week 9 (10/26)13West Virginia60Big East
58%
Week 2 (9/7)19South Carolina10SEC
50%
Week 10 (11/2)13Louisville71Independent
33%
Postseason24Louisville93Independent
33%
Week 11 (11/9)20Louisville72Independent
33%
Week 4 (9/21)24Louisville30Independent
33%
Week 9 (10/26)17Louisville71Independent
33%
Week 6 (10/5)17Louisville50Independent
33%
Week 8 (10/19)20Louisville61Independent
33%
Week 5 (9/28)18Louisville40Independent
33%
Week 7 (10/12)23Louisville51Independent
33%
Week 15 (12/7)25Louisville83Independent
33%
Week 11 (11/9)23Wyoming71WAC
25%
Week 10 (11/2)24Wyoming71WAC
25%
Week 15 (12/7)25Fresno State83WAC
17%
Week 1 (8/31)25Fresno State00WAC
17%

Score Distribution

Percentile by Number Answered

Percent of People with Each Score

Your Score History

You have not taken this quiz